| 000 | 00828cam a2200217 4500 | ||
|---|---|---|---|
| 001 | 17796 | ||
| 005 | 20230410123430.0 | ||
| 008 | 060907n1996 nyu eng | ||
| 020 | _a0421571403 | ||
| 035 | _9funglode17934 | ||
| 041 | _aeng | ||
| 050 | 1 | 4 |
_aKD 2870 _bC273m 1996 |
| 100 | 1 | _aCarey, Peter | |
| 245 | 1 | 0 |
_aMedia law / _cPeter Carey |
| 260 |
_aNew York : _bSweet & Maxwell, _c1996 |
||
| 300 |
_axix, 246 p. : _bill. ; _c25 cm. |
||
| 520 | _aSources of law, 1. -- The courts, 7 -- The legal action, 19. -- Lawyers, 35. -- Reputation, 39. -- Obscenity, racial hatred & blasphemy, 67. -- Contempt, 81. -- Reporting the courts and parliament, 93. -- The publication on information, 101. -- Television, 131. | ||
| 650 | 0 | _aMass media | |
| 650 | 0 |
_aMass media _xLaw and legislation _zGreat Britain. |
|
| 942 |
_2lcc _cbk |
||
| 999 |
_c61304 _d61304 |
||